书目信息 |
| 题名: |
实用班组经济核算
|
|
| 作者: | 温世忠 编著 | |
| 分册: | ||
| 出版信息: | 工人出版社 1982 |
|
| 页数: | 165页 | |
| 开本: | 20cm | |
| 丛书名: | ||
| 单 册: | ||
| 中图分类: | F221 | |
| 科图分类: | ||
| 主题词: | 经济--计算 , 经济数学--方法 | |
| 电子资源: | ||
| ISBN: | ||
| 000 | 00557nam0 2200205 450 | |
| 001 | 0659961156 | |
| 005 | 20060809102916.17 | |
| 010 | @dCNY0.40 | |
| 100 | @a20060719d1982 km y0chiy0120 ea | |
| 101 | 0 | @achi |
| 200 | 1 | @a实用班组经济核算@Ashi yong ban zu jing ji he suan@f温世忠编著@Fwen shi zhong bian zhu |
| 210 | @c工人出版社@d1982 | |
| 215 | @a165页@d20cm | |
| 300 | @a工业企业 | |
| 606 | 0 | @a经济@x计算 |
| 606 | 0 | @a经济数学@x方法 |
| 690 | @aF221@v3 | |
| 701 | 0 | @a温世忠@Awen shi zhong@4编著 |
| 801 | 0 | @aCN@bPFT@c20060809 |
| 905 | @a10447@dF221@e166 | |
| 实用班组经济核算/温世忠编著.-工人出版社,1982 |
| 165页;20cm |
| 工业企业 |
| ISBN :CNY0.40 |
| ● |
| 相关链接 |
|
|
|
|
正题名:实用班组经济核算
索取号:F221/166
 
预约/预借
| 序号 | 登录号 | 条形码 | 馆藏地/架位号 | 状态 | 备注 |
| 1 | 0424731 | 204247314 | 密集书库/ [索取号:F221/166] | 在馆 | |
| 2 | 0441002 | 204410020 | 密集书库/ [索取号:F221/166] | 在馆 | |
| 3 | 0441003 | 204410039 | 密集书库/ [索取号:F221/166] | 在馆 | |
| 4 | 0447811 | 204478118 | 密集书库/ [索取号:F221/166] | 在馆 |